Εξουσία και οργάνωση-διοίκηση του εκπαιδευτικού συστήματος
Αποθηκεύτηκε σε:
| Κύριος συγγραφέας: | |
|---|---|
| Άλλοι συγγραφείς: | |
| Μορφή: | Βιβλίο |
| Γλώσσα: | Greek |
| Δημοσίευση: |
Αθήνα :
Νέα Σύνορα, Εκδοτικός οργανισμός Λιβάνη,
1994
|
| Θέματα: | |
| Ετικέτες: |
Προσθήκη ετικέτας
Δεν υπάρχουν, Καταχωρήστε ετικέτα πρώτοι!
|
MARC
| LEADER | 00000cam a2200000 i 4500 | ||
|---|---|---|---|
| 001 | 1/89036 | ||
| 008 | 990826s1994 gre d | ||
| 020 | |a 960-236-415-7 | ||
| 035 | |l 10052682 | ||
| 040 | |a GR-MY-UA |b gre |e aacr | ||
| 041 | 0 | |a gre | |
| 082 | 0 | |a 379.495 | |
| 100 | 1 | |a Ανδρέου, Αποστόλης. | |
| 245 | 1 | 0 | |a Εξουσία και οργάνωση-διοίκηση του εκπαιδευτικού συστήματος / |c Αποστόλης Ανδρέου, Γιώργος Παπακωνσταντίνου |
| 260 | |a Αθήνα : |b Νέα Σύνορα, |b Εκδοτικός οργανισμός Λιβάνη, |c 1994 | ||
| 300 | |a 495 σ.; |c 21 εκ. | ||
| 650 | 0 | 0 | |a School management and organization |z Greece |x History |y 19th century. |
| 650 | 0 | 0 | |a School management and organization |z Greece |x History |y 20th century. |
| 650 | 0 | 0 | |a School management and organization. |
| 700 | 1 | |a Παπακωνσταντίνου, Γιώργος. | |
| 852 | |a INST |b LESVOS |e 19990826 |h 379.495 ΑΝΔ |p 005100023041 |q 005100023041 |t BK |y 0 | ||
| 852 | |a INST |b RHODES |e 20060120 |h 379.495 ΑΝΔ |p 005400021538 |q 005400021538 |t BK |y 0 | ||
| 901 | |a BIBL1-1999-3 | ||
| 901 | |a BIBL4-2006-1 | ||
| 909 | |a Λ |b 065405 | ||
| 909 | |a Ρ |b 123057 | ||
| 922 | |a 1ΕΛΗ |b 199903 |c ΚΠΣ/ΣΟΦΟΥΛΗΣ |d EMVASIS | ||
| 950 | |a 022-1998-11-14 | ||
| 970 | |a ΤΖΑΦΕΡΗ |b ΕΥΑΓΓΕΛΙΑ |z 1999/10/18 | ||